House price index (Record no. 114448)
[ view plain ]
| 000 -LEADER | |
|---|---|
| fixed length control field | 01381cad a22002295a 4500 |
| 001 - CONTROL NUMBER | |
| control field | L156841 |
| 008 - FIXED-LENGTH DATA ELEMENTS--GENERAL INFORMATION | |
| fixed length control field | 120718e20120717xxkd f s f000 0 eng d |
| 035 ## - SYSTEM CONTROL NUMBER | |
| System control number | (Sirsi) u156841 |
| 041 0# - LANGUAGE CODE | |
| Language code of text/sound track or separate title | eng |
| 110 1# - MAIN ENTRY--CORPORATE NAME | |
| Corporate name or jurisdiction name as entry element | Office for National Statistics |
| 9 (RLIN) | 2210 |
| 245 00 - TITLE STATEMENT | |
| Title | House price index |
| Remainder of title | May 2012 |
| Medium | [electronic resource] |
| 260 ## - PUBLICATION, DISTRIBUTION, ETC. | |
| Place of publication, distribution, etc. | London |
| Name of publisher, distributor, etc. | DCLG |
| Date of publication, distribution, etc. | 2012 |
| 490 #0 - SERIES STATEMENT | |
| Series statement | ONS House Price Index |
| Volume/sequential designation | May 2012 |
| 520 ## - SUMMARY, ETC. | |
| Summary, etc. | UK house prices increased by 2.3% since May 2011 with no change between April and May 2012. The mix-adjusted average house price was £228 000 in May 2012 (not seasonally adjusted). Annual average house prices increased by 2.6% in England and by 3.5% in Wales but fell by 1% in Scotland and 10.3% in Northern Ireland. Taking forward the recommendations of the National Statistician's review of UK house price statistics in 2010. it has been agreed that the ONS index will be developed as the lead measure for house price movement with other official indices published by bodies such as Land Registry and Registers for Scotland continuing to publish house price data in existing formats. |
| 521 ## - TARGET AUDIENCE NOTE | |
| Target audience note | Advanced |
| 590 ## - LOCAL NOTE (RLIN) | |
| Local note | KA NTK |
| 650 24 - SUBJECT ADDED ENTRY--TOPICAL TERM | |
| Topical term or geographic name entry element | ONS HOUSE PRICE INDEX |
| 651 #4 - SUBJECT ADDED ENTRY--GEOGRAPHIC NAME | |
| Geographic name | United Kingdom |
| Chronological subdivision | |
| 690 ## - LOCAL SUBJECT ADDED ENTRY--TOPICAL TERM (OCLC, RLIN) | |
| Topical term or geographic name as entry element | Residential property |
| 9 (RLIN) | 6266 |
| 856 40 - ELECTRONIC LOCATION AND ACCESS | |
| Uniform Resource Identifier | <a href="https://www.ons.gov.uk/ons/dcp171778_271291.pdf">https://www.ons.gov.uk/ons/dcp171778_271291.pdf</a> |
| Public note | View this item free of charge at www.ons.gov.uk |
| 942 ## - ADDED ENTRY ELEMENTS (KOHA) | |
| Suppress in OPAC | 0 |
| Withdrawn status | Lost status | Source of classification or shelving scheme | Damaged status | Not for loan | Home library | Current library | Shelving location | Date acquired | Total Checkouts | Full call number | Barcode | Date last seen | Copy number | Price effective from | Koha item type |
|---|---|---|---|---|---|---|---|---|---|---|---|---|---|---|---|
| Dewey Decimal Classification | Virtual | Virtual | Online | 18/07/2012 | ONLINE PUBLICATION | 156841-2001 | 06/08/2019 | 1 | 06/08/2019 | Book |